header

How free is the radio spectrum? (Record no. 190259)

MARC details
000 -LEADER
fixed length control field 01244nam a2200301Ia 4500
245 00 - TITLE STATEMENT
Title How free is the radio spectrum?
260 ## - PUBLICATION, DISTRIBUTION, ETC. (IMPRINT)
Place of publication Bradford, England :
Name of publisher Emerald Group Publishing,
Year of publication c2006.
300 ## - PHYSICAL DESCRIPTION
Number of Pages 97 p.
490 0# - SERIES STATEMENT
Series statement info, the journal of policy, regulation and strategy for telecommunications, information and media ;
650 #0 - SUBJECT ADDED ENTRY--TOPICAL TERM
Topical Term Radio broadcasting.
Topical Term Radio frequency allocation.
700 1# - ADDED ENTRY--PERSONAL NAME
Personal name Bohlin, Erik.
Personal name Preissel, Brigitte.
Personal name Weber, Arnd.
856 40 - ELECTRONIC LOCATION AND ACCESS
Uniform Resource Identifier http://site.ebrary.com/lib/rucke/Doc?id=10146677

No items available.

© 2026 Rongo University
Contact us: librarian | system librarian | Rongo university